| 000 | 00452nam a2200181 4500 | ||
|---|---|---|---|
| 999 |
_c189851 _d189851 |
||
| 005 | 20220713161723.0 | ||
| 010 | _aENG-133536 | ||
| 020 |
_a9789390590018 _c399.00 |
||
| 035 | _aEN-117068 | ||
| 037 | _bDBAD/PUB | ||
| 082 | _aS | ||
| 100 | _aGratz,Alan | ||
| 245 |
_aCode of Honor/ _cby Alan Gratz |
||
| 260 |
_aNew York _bScholastic _c2021 |
||
| 270 |
_a557,Broadway, _bNew York _e10012 |
||
| 300 |
_a278p. _c20cm(pbk) |
||
| 942 |
_2ddc _cEN _hS _mGRA |
||